LEADER 01305nam 2200421 450 001 9910467105703321 005 20200520144314.0 010 $a1-4982-3105-5 035 $a(CKB)3710000001403986 035 $a(MiAaPQ)EBC4875987 035 $a(Au-PeEL)EBL4875987 035 $a(CaPaEBR)ebr11396947 035 $a(OCoLC)990479588 035 $a(EXLCZ)993710000001403986 100 $a20170710h20152015 uy 0 101 0 $aeng 135 $aurcnu|||||||| 181 $2rdacontent 182 $2rdamedia 183 $2rdacarrier 200 10$aWorship music in the 21st century $eselecting proper music for worship in regards to lyrics, instrumentation, and rhythm /$fMarius E. Marton 210 1$aEugene, Oregon :$cResource Publications,$d2015. 210 4$dİ2015 215 $a1 online resource (96 pages) 311 $a1-4982-3104-7 320 $aIncludes bibliographical references. 606 $aMusic$xReligious aspects$xChristianity 608 $aElectronic books. 615 0$aMusic$xReligious aspects$xChristianity. 676 $a261.578 700 $aMarton$b Marius E.$0911868 801 0$bMiAaPQ 801 1$bMiAaPQ 801 2$bMiAaPQ 906 $aBOOK 912 $a9910467105703321 996 $aWorship music in the 21st century$92041998 997 $aUNINA LEADER 02355nam 2200637 450 001 9910459876903321 005 20200520144314.0 035 $a(CKB)3710000000376914 035 $a(EBL)3387599 035 $a(SSID)ssj0001461910 035 $a(PQKBManifestationID)12624728 035 $a(PQKBTitleCode)TC0001461910 035 $a(PQKBWorkID)11478386 035 $a(PQKB)10125478 035 $a(MiAaPQ)EBC3387599 035 $a(Au-PeEL)EBL3387599 035 $a(CaPaEBR)ebr11033931 035 $a(OCoLC)908047794 035 $a(EXLCZ)993710000000376914 100 $a20150328h20142014 uy 0 101 0 $aeng 135 $aur|n|---||||| 181 $ctxt 182 $cc 183 $acr 200 14$aThe book of trees $evisualizing branches of knowledge /$fManuel Lima 205 $aFirst edition. 210 1$aNew York, New York :$cPrinceton Architectural Press,$d2014. 210 4$dİ2014 215 $a1 online resource (208 p.) 300 $aDescription based upon print version of record. 311 $a1-61689-218-8 320 $aIncludes bibliographical references and index. 327 $a""Foreword""; ""Preface""; ""Introduction""; ""Acknowledgments""; ""A Timeline of Significant Characters""; ""Figurative Trees""; ""Vertical Trees""; ""Horizontal Trees""; ""Multidirectional Trees""; ""Radial Trees""; ""Hyperbolic Trees""; ""Rectangular Treemaps""; ""Voronoi Treemaps""; ""Circular Treemaps""; ""Sunbursts""; ""Icicle Trees"" 606 $aLearning and scholarship$xHistory 606 $aKnowledge, Theory of$xHistory 606 $aTrees$xSymbolic aspects$xHistory 606 $aGraphic methods$xHistory 606 $aVisual communication$xHistory 606 $aCommunication in learning and scholarship$xHistory 608 $aElectronic books. 615 0$aLearning and scholarship$xHistory. 615 0$aKnowledge, Theory of$xHistory. 615 0$aTrees$xSymbolic aspects$xHistory. 615 0$aGraphic methods$xHistory. 615 0$aVisual communication$xHistory. 615 0$aCommunication in learning and scholarship$xHistory. 676 $a001.2 700 $aLima$b Manuel$f1978-$0916339 801 0$bMiAaPQ 801 1$bMiAaPQ 801 2$bMiAaPQ 906 $aBOOK 912 $a9910459876903321 996 $aThe book of trees$92275435 997 $aUNINA LEADER 03567nam 2200709Ia 450 001 9910783414303321 005 20230617004005.0 010 $a1-280-50493-5 010 $a9786610504930 010 $a1-4294-0203-2 010 $a1-60750-128-7 010 $a600-00-0392-7 010 $a1-60129-109-4 035 $a(CKB)1000000000243907 035 $a(EBL)265948 035 $a(OCoLC)191942929 035 $a(SSID)ssj0000136065 035 $a(PQKBManifestationID)11146212 035 $a(PQKBTitleCode)TC0000136065 035 $a(PQKBWorkID)10064437 035 $a(PQKB)10727991 035 $a(MiAaPQ)EBC265948 035 $a(Au-PeEL)EBL265948 035 $a(CaPaEBR)ebr10130635 035 $a(CaONFJC)MIL50493 035 $a(EXLCZ)991000000000243907 100 $a20050706d2005 uy 0 101 0 $aeng 135 $aur|n|---||||| 181 $ctxt 182 $cc 183 $acr 200 00$aDefence Transformation in Europe$b[electronic resource] $eevolving military roles /$fedited by Timothy Edmunds and Marjan Males?ic? 210 $aAmsterdam, The Netherlands ;$aWashington, DC $cIOS Press$dc2005 215 $a1 online resource (128 p.) 225 1 $aNATO security through science series. E, Human and societal dynamics,$x1574-5597 ;$vv. 2 300 $a"Published in cooperation with NATO Public Diplomacy Division." 300 $a"Proceedings of the NATO Advanced Research Workshop on The Challenge of Defence Transformation in Europe, Brdo, Slovenia, 27-30 May 2004"--T.p. verso. 311 $a1-58603-541-X 320 $aIncludes bibliographical references and index. 327 $aTitle page; Preface; Contents; Introduction: The Challenge of Defence Transformation in Europe; A New Security Environment? The Evolution of Military Roles in Post-Cold War Europe; Military Systems in the 21st Century: Changes and Continuities; The Defence of National Territory: The German Experience; Stealing the Show: Peace Operations and Danish Defence Transformation After the Cold War; Peace Operations and Humanitarian Assistance: The Contribution of Hungary; Defence Diplomacy: The Bulgarian Experience; Domestic Military Assistance: The Case of Slovenia 327 $aDefence Transformation and Internal Security: The Turkish ExperienceDefence Transformation in Europe Today: Implications for the Armed Forces; Author Index 330 $aConsisting of eight parts, this book includes the changing nature of the defence of national territory role; expeditionary warfare; peacekeeping and humanitarian intervention; defence diplomacy; domestic military assistance; and internal security. The authors come from a range of different groups involved in defence transformation processes. 410 0$aNATO security through science series.$nE,$pHuman and societal dynamics ;$vv. 2. 606 $aArmed Forces 607 $aEurope$xArmed Forces 607 $aEurope$xDefenses 615 0$aArmed Forces. 676 $a338.47355094 676 $a355.474 701 $aEdmunds$b Timothy$01558359 701 $aMales?ic?$b Marjan$01558360 712 02$aNorth Atlantic Treaty Organization.$bPublic Diplomacy Division. 712 02$aNATO Programme for Security through Science. 712 12$aNATO Advanced Research Workshop on The Challenge of Defence Transformation in Europe$f(2004 :$eBrdo, Slovenia) 801 0$bMiAaPQ 801 1$bMiAaPQ 801 2$bMiAaPQ 906 $aBOOK 912 $a9910783414303321 996 $aDefence Transformation in Europe$93822665 997 $aUNINA